Skutečná /
Publikace je upřímným a sympatickým pohledem na soukromí a životní postoje talentované dokumentaristky a herečky.
Uloženo v:
| Hlavní autor: | |
|---|---|
| Médium: | E-kniha |
| Jazyk: | Czech |
| Vydáno: |
Praha :
Ikar,
2021
|
| Vydání: | Vydání první |
| Témata: | |
| Tagy: |
Žádné tagy |
| LEADER | 02766cam a2200577 i 4500 | ||
|---|---|---|---|
| 001 | 311457 | ||
| 003 | CZ PrSKC | ||
| 005 | 20260601215705.0 | ||
| 007 | ta | ||
| 008 | 211021s2021 xr a g 000 jacze d | ||
| 015 | |a cnb003345081 | ||
| 020 | |a 9788024946054 |q (vázáno) : |c Kč 349,00 | ||
| 035 | |a (OCoLC)1302727013 | ||
| 040 | |a OSA001 |b cze |d BOA001 |e rda | ||
| 043 | |a e-xr--- | ||
| 045 | |a x-y- | ||
| 072 | 7 | |a 821.162.3-3 |x Česká próza |2 Konspekt | |
| 072 | 7 | |a 929 |x Biografie |2 Konspekt | |
| 080 | |a 821.162.3-32 |2 MRF | ||
| 080 | |a 791/792.071.2-055.2 |2 MRF | ||
| 080 | |a 929 |2 MRF | ||
| 080 | |a (437.3) |2 MRF | ||
| 080 | |a (0:82-322.6) |2 MRF | ||
| 080 | |a (0:82-4) |2 MRF | ||
| 100 | 1 | |a Nesvačilová, Petra, |d 1985- |7 js20071221007 |4 aut | |
| 245 | 1 | 0 | |a Skutečná / |c Petra Nesvačilová |
| 250 | |a Vydání první | ||
| 264 | 1 | |a Praha : |b Ikar, |c 2021 | |
| 300 | |a 200 stran : |b ilustrace (převážně barevné) ; |c 22 cm | ||
| 336 | |a text |b txt |2 rdacontent | ||
| 337 | |a bez média |b n |2 rdamedia | ||
| 338 | |a svazek |b nc |2 rdacarrier | ||
| 520 | 2 | |a Publikace je upřímným a sympatickým pohledem na soukromí a životní postoje talentované dokumentaristky a herečky. |b V krátkých textech máme možnost poznat autorku opravdu velmi zblízka. Její názory na svět, současné aktuální dění, zážitky z cest střídají vzpomínky na krásné dětství, trávené s rodinou a kamarády, na bolesti a trápení z rozchodů, na radost, kterou jí přináší umělecká tvorba. To vše dělá velmi otevřeně, s trochou nostalgie i humoru a s vírou v samu sebe. Knihu doprovází pozoruhodná grafická úprava s kouzelnými ilustracemi Michala Bačáka. | |
| 600 | 1 | 7 | |a Nesvačilová, Petra, |d 1985- |7 js20071221007 |2 czenas |
| 648 | 7 | |a 20.-21. století |7 ch462155 |2 czenas | |
| 650 | 0 | 7 | |a herečky |7 ph120685 |z Česko |y 20.-21. století |2 czenas |
| 650 | 0 | 9 | |a actresses |z Czechia |y 20th-21st centuries |2 eczenas |
| 655 | 7 | |a české povídky |7 fd133971 |2 czenas | |
| 655 | 7 | |a autobiografické povídky |7 fd131849 |2 czenas | |
| 655 | 7 | |a fejetony |7 fd132252 |2 czenas | |
| 655 | 7 | |a úvahy |7 fd134000 |2 czenas | |
| 655 | 9 | |a Czech short stories |2 eczenas | |
| 655 | 9 | |a autobiographical short stories |2 eczenas | |
| 655 | 9 | |a feuilletons |2 eczenas | |
| 655 | 9 | |a essays |2 eczenas | |
| 900 | |a ABA001 |b 19 | ||
| 928 | 9 | |a Euromedia Group - Ikar | |
| 044 | |a xr | ||
| 910 | |a RBIT002 | ||
| 998 | |d 338874 |a https://core.palmknihy.cz/api/books/338874/cover?styuka |b https://core.palmknihy.cz/api/books/338874/cover/400?styuka |c https://core.palmknihy.cz/api/books/338874/cover/50?styuka |e 2027-04-01 |g 208 |i 9788024946054 |j https://core.palmknihy.cz/api/books/338874/preview.epub |l |q 49 |r 1 |s https://www.palmknihy.cz/kniha/338874 |t ebook |y 2021 |z 0 | ||
| 999 | |d 311455 | ||